000 00585nam a22001937a 4500
999 _c169325
_d169325
005 20201116125623.0
010 _aENG-126909
020 _c399.00
_a9789388322430
035 _aEN-110441
037 _bDBAD/PUB
082 _aS
100 _aDivya, S.B.
245 _aContingency plans for the apocalypse :
_band other possible situations /
_cby S.B.Divya
260 _aGurugram
_bHachette Book Publishing
_c2019
270 _a4th / 5th Floors, Corporate Centre, Plot No.94, Sector-44, Gurugram
_e122003
300 _a250p.
_c19cm(pbk)
700 _a
942 _2ddc
_cEN
_hS
_mDIV